| 000 | 006050000a22002050004500 | ||
|---|---|---|---|
| 090 |
_aAR _b03340 |
||
| 245 | 1 | 0 | _aNew race of Penelope argyrostris from Colombia |
| 500 | _a<Colección Aves> | ||
| 650 | 1 | 4 |
_aOrnitología _993189 |
| 650 | 1 | 4 |
_aAves _992429 |
| 650 | 1 | 4 |
_aTaxonomía animal _98245 |
| 651 | 4 |
_pColombia _992749 |
|
| 651 | 4 |
_pVenezuela _992749 |
|
| 651 | 4 |
_pEcuador _992749 |
|
| 653 |
_gPenelope _ePenelope argyrostis |
||
| 041 | 0 | _aInglés | |
| 100 | 1 |
_aConover, Boardman _996973 |
|
| 942 | _cARTICULO | ||
| 773 | 1 |
_tProceedings of the Biological Society of Washington _341 _q125-126 _d1945 _g58 |
|
| 999 |
_c12391 _d12391 |
||